[Event "DVM U16 2007"]
[Site "Uelzen GER"]
[Date "2007.12.30"]
[Round "7"]
[White "Kachibadze, Georg"]
[Black "Moshtael, Wesal"]
[Result "0-1"]
[Termination "normal"]
[Board "10.1"]
[WhiteElo "2085"]
[BlackElo "2113"]
[WhiteTeam "TuS Makkabi Berlin"]
[BlackTeam "SK Johanneum Eppendorf"]
[PlyCount "48"]
[WhiteFideId "24640794"]
[BlackFideId "24618551"]
[EventCountry "GER"]
[EventRounds "7"]
[EventType "team-swiss"]
[EventDate "2007.12.26"]

1. e4 c5 2. Nc3 Nc6 3. f4 e6 4. Nf3 Nge7 5. d3 d5 6. g3 dxe4 7. Nxe4 Nf5 8. Bg2
Be7 9. O-O Qc7 10. g4 Ncd4 11. Nxd4 Nxd4 12. f5 e5 13. f6 gxf6 14. Rxf6 Be6 15.
Rxe6 fxe6 16. g5 O-O-O 17. Qg4 Kb8 18. a3 Rc8 19. Qg3 Rhf8 20. b4 Rf5 21. Nxc5
Bxc5 22. bxc5 Qa5 23. Be4 Qxc5 24. Qg2 Qc3 0-1

[Event "DVM U16 2007"]
[Site "Uelzen GER"]
[Date "2007.12.30"]
[Round "7"]
[White "Stellfeld, Tilman"]
[Black "Kropman, Alexei"]
[Result "1/2-1/2"]
[Termination "normal"]
[Board "10.2"]
[WhiteElo "1586"]
[BlackElo "1912"]
[WhiteTeam "SK Johanneum Eppendorf"]
[BlackTeam "TuS Makkabi Berlin"]
[PlyCount "47"]
[WhiteFideId "24651311"]
[BlackFideId "24670723"]
[EventCountry "GER"]
[EventRounds "7"]
[EventType "team-swiss"]
[EventDate "2007.12.26"]

1. Nf3 d5 2. d4 e6 3. c4 Nf6 4. g3 Be7 5. Bg2 c6 6. O-O O-O 7. Qc2 Nbd7 8. Nbd2
Re8 9. b3 c5 10. cxd5 exd5 11. Re1 Bd6 12. Bb2 Qe7 13. Rac1 Ne4 14. dxc5 Ndxc5
15. Nxe4 dxe4 16. Nd4 Bd7 17. Red1 Rac8 18. Qb1 f5 19. e3 Nd3 20. Rxc8 Rxc8 21.
Bf1 Ne5 22. Be2 a6 23. Rd2 Nf7 24. Qd1 1/2-1/2

[Event "DVM U16 2007"]
[Site "Uelzen GER"]
[Date "2007.12.30"]
[Round "7"]
[White "Von Kügelgen, Julius"]
[Black "Sawlin, Leonid"]
[Result "1/2-1/2"]
[Termination "normal"]
[Board "10.4"]
[WhiteElo "1532"]
[BlackElo "1520"]
[WhiteTeam "SK Johanneum Eppendorf"]
[BlackTeam "TuS Makkabi Berlin"]
[PlyCount "50"]
[WhiteFideId "24657468"]
[BlackFideId "4689542"]
[EventCountry "GER"]
[EventRounds "7"]
[EventType "team-swiss"]
[EventDate "2007.12.26"]

1. e4 d6 2. d4 Nf6 3. Nc3 g6 4. Be3 Bg7 5. f3 O-O 6. Qd2 Nbd7 7. O-O-O c6 8.
Bh6 b5 9. Kb1 Nb6 10. Bd3 b4 11. Nce2 a5 12. g4 c5 13. h4 c4 14. h5 cxd3 15.
cxd3 Ba6 16. e5 dxe5 17. dxe5 Ne8 18. hxg6 fxg6 19. Bxg7 Nxg7 20. Qh6 Qd5 21.
Qxh7+ Kf7 22. Nf4 Qxe5 23. Qxg6+ Kg8 24. Qh7+ Kf7 25. Qg6+ Kg8 1/2-1/2